000
00301nam a22001337a 4500
008
170224b xxu||||| |||| 00| 0 eng d
020
_a
9780838514764
041
_a
eng
080
_2
8 ED
_a
617
100
_a
5
101
_a
SHK
245
_a
CLINICIANS POCKET REFERENCE
_c
GOMELLA.L.G
942
_2
udc
_c
BK
999
_c
6219
_d
6219